| 000 | 00000nam##2200000za#4500 |
| 001 | 9.635601 |
| 003 | CaOODSP |
| 005 | 20210624220332 |
| 007 | cr ||||||||||| |
| 008 | 150407|2007||||xxc|||||o f|0| 0 fre|d |
| 040 | |aCaOODSP|bfre |
| 043 | |an-cn--- |
| 086 | 1 |aM31-9/2007F-PDF |
| 110 | 1 |aCanada.|bRessources naturelles Canada. |bSecteur des minéraux et des métaux. |
| 245 | 13|aLa recherche-développement dans les industries de l'exploitation minière et du traitement des minéraux au Canada |h[ressource électronique] |
| 260 | |aOttawa - Ontario : |bRessources naturelles Canada. |cJaniver 2007. |
| 300 | |a2p.|bfigure, graphique, carte |
| 590 | |a14-19-Supp|b2014-11-03 |
| 691 | 07|aIndustrie minière|2gcpds |
| 691 | 07|aRecherche et développement|2gcpds |
| 775 | 08|tResearch and development in Canada's mining and mineral processing industries |w(CaOODSP)9.691270 |
| 856 | 40|ahttp://publications.gc.ca|qPDF|s579 Ko|uhttps://publications.gc.ca/collections/collection_2014/rncan-nrcan/M31-9-2007-fra.pdf |